[Event "Interzonal-14c"]
[Site "Zagreb"]
[Date "1987.??.??"]
[Round "10"]
[White "Inkiov, Ventzislav"]
[Black "Pinter, Jozsef"]
[Result "1-0"]
[WhiteElo "2485"]
[BlackElo "2575"]
[Annotator "Ftacnik,L"]
[PlyCount "71"]
[EventDate "1987.08.01"]
[EventType "tourn"]
[EventRounds "17"]
[EventCountry "YUG"]
[EventCategory "12"]
[SourceTitle "CBM 004"]
[Source "ChessBase"]
[SourceDate "1988.06.01"]
[SourceVersion "1"]
[SourceVersionDate "1988.06.01"]
[SourceQuality "1"]

1. d4 Nf6 2. c4 e6 3. Nf3 d5 4. g3 dxc4 5. Bg2 Bd7 6. Qc2 c5 7. Qxc4 Bc6 8. O-O
Nbd7 9. Bg5 Rc8 10. Bxf6 gxf6 $5 (10... Nxf6 $6 11. dxc5 $1 $14 Bxf3 12. Bxf3
Bxc5 13. Qb5+ Qd7 14. Nc3 {Kasparov-Kortschnoj (07)/London cm/1983/}) (10...
Qxf6 $5 11. Nc3 Be7 $13) 11. Nc3 (11. dxc5 $142 $5) 11... b5 $1 12. Qd3 (12.
Nxb5 $4 Nb6 13. Qd3 c4 $19) 12... c4 13. Qc2 b4 14. Ne4 Nb6 (14... f5 15. Ned2
Nb6 16. e4 fxe4 17. Nxe4 $13) 15. g4 $1 h5 $6 (15... Rg8 $142 16. g5 $1 (16.
Ng3 $6 Rxg4 17. Qxh7 f5 $15) 16... fxg5 17. Ne5 $44) 16. g5 $1 fxg5 (16... Bxe4
17. Qxe4 fxg5 18. Ne5 Bg7 $1 {/\ 0-0} (18... Nd5 19. Rac1 c3 20. bxc3 bxc3 21.
Qd3 $44) 19. f4 f5 20. Qe3 g4 21. Bc6+ Kf8 {Pinter,J; Lukacs,P}) 17. Nexg5 Bg7
(17... Be7 $2 18. Nxf7 $1 Kxf7 19. Ne5+ $18) 18. h4 Bf6 (18... Bxd4 $6 19. Rad1
Ba4 20. b3 cxb3 21. Qe4 $1 $16) 19. e4 Bxg5 20. hxg5 Rg8 21. Rfe1 $1 Ba4 (21...
Rxg5 22. d5 $1 Ba4 23. Qd2 Rg8 24. Qxb4 $16) 22. Qd2 c3 23. bxc3 bxc3 24. Qf4
Qc7 25. Qh4 Nc4 26. d5 $1 (26. Qxh5 $2 Qf4 $1 {/\ Nd2-/+}) 26... Bd7 27. dxe6
$2 (27. e5 $1 exd5 28. Nd4 $1 Be6 29. Qxh5 $16) 27... Bxe6 28. Nd4 Bg4 $1 $13
29. Nf5 $8 Ne5 30. Qg3 Rd8 $2 (30... Bf3 $5 31. Re3 $1 c2 32. Rc1 Bd1 33. f4
Ng4 (33... Nc4 34. Rd3 $1 Qb6+ 35. Kh2 Qb2 36. Rdxd1 cxd1=Q 37. Rxd1 $16) 34.
Rb3 Qc5+ 35. Kh1 Nf2+ 36. Kh2 h4 $5 $13 (36... Ng4+ 37. Kh3 Nf2+ 38. Kh4 $16))
31. Rac1 $1 Rd3 (31... c2 $2 32. Rxc2 $1) 32. Re3 Be2 (32... Rxe3 33. Qxe3 c2
34. f3 $1 Bxf5 35. exf5 Kf8 36. f6 $1 $18) 33. Rxd3 Bxd3 34. f4 h4 (34... Qb6+
35. Qe3 Ng4 36. Qxb6 axb6 37. Rxc3 $18) 35. Qe3 Ng4 36. Qxd3 1-0

[Event "RUS-chT 17th"]
[Site "Dagomys"]
[Date "2010.04.01"]
[Round "1"]
[White "Krylov, Mikhail"]
[Black "Landa, Konstantin"]
[Result "1-0"]
[WhiteElo "2530"]
[BlackElo "2635"]
[Annotator "Ftacnik,L"]
[PlyCount "65"]
[EventDate "2010.04.01"]
[EventType "team-tourn"]
[EventRounds "9"]
[EventCountry "RUS"]
[SourceTitle "EXT 2020"]
[Source "ChessBase"]
[SourceDate "2019.10.17"]
[SourceVersion "1"]
[SourceVersionDate "2019.10.17"]
[SourceQuality "1"]
[WhiteTeam "Moscow Etiud-Kontakt"]
[BlackTeam "Khanty Mansiysk Yugra"]
[WhiteTeamCountry "RUS"]
[BlackTeamCountry "RUS"]

1. d4 Nf6 2. c4 e6 3. g3 d5 4. Nf3 dxc4 5. Bg2 Nc6 6. O-O Rb8 7. Nc3 b5 8. Ne5
$1 {The only move with the real potential to underline the weaker sides of
Black's daring plan. The defender was bravely supporting his pawn on the
queenside, but was also seriously negelecting the development of his kingside.}
Nxe5 9. dxe5 Nd7 (9... Nd5 10. Nxd5 exd5 11. Bxd5 Be6 12. Bc6+ (12. e4 $5 $16)
12... Bd7 13. Bg2 Be7 14. Be3 $16) 10. Qd4 {White simply has to play the best
moves in order to stand a chance of proving the merit of his adventure.} (10.
Bc6 a6 11. Qd4 Bb7 12. Bxb7 Rxb7 13. Rd1 c5 14. Qg4 Qc7 15. Bf4 Qc6 16. f3 f5
17. exf6 Nxf6 18. Qg5 Be7 (18... Kf7 19. Be5 h6 20. Qf4 Be7 21. Ne4 {1/2-1/2
Rama,L-Rajkovic,D/Durres 2001/ (28)}) 19. Qxg7 (19. a3 O-O 20. Be5 Rf7 21. Qc1
Rd7 22. Rxd7 Nxd7 23. Bf4 Nf6 {0-1 Gazarek,D-Haba,P/Pardubice 2000/ (60)})
19... Rg8 20. Qh6 Rg6 21. Qh3 b4 22. Nb1 Rd7 $5 (22... c3 $5) 23. Nd2 c3 24.
Nc4 cxb2 25. Nxb2 {0-1 Gleizerov,E-Werle,J/Hoogeveen 2000/ (59)} Nd5 $17) (10.
Bf4 Bb7 11. Bxb7 Rxb7 12. Qc2 Be7 13. Rfd1 Qc8 14. Qe4 c6 15. Qf3 O-O 16. Ne4
f5 17. exf6 Nxf6 18. Nd6 Bxd6 19. Bxd6 Rd8 $15 {1-0 Gleizerov,E-Rustemov,A/
Bydgoszcz 2000/ (42)}) 10... b4 {From the theoretical point of view, the
continuation of the risky activity on the queenside should not represent the
optimal solution. More attention has so far been devoted to the variations
after the more logical move 10...c5.} (10... a6 11. Rd1 c5 12. Qg4 Qc7 13. Bf4
h5 14. Qg5 Rh7 15. Qh4 Be7 16. Bg5 Bxg5 17. Qxg5 Nxe5 18. Ne4 Rb6 19. Nf6+ gxf6
20. Qg8+ Ke7 21. Qxh7 $16 {1-0 Georgiev,K (2677)-Naiditsch,A (2664)/Kusadasi
2006 (36)}) (10... c5 {Black finds the courage to push the enemy queen away
from the centre, but this also weakens the sensitive d6-square.} 11. Qf4 (11.
Qg4 h5 12. Qf4 Qc7 13. a4 a6 14. axb5 axb5 15. Rd1 Be7 16. Nd5 exd5 17. Bxd5
O-O 18. e6 Ne5 19. exf7+ Kh8 20. Ra7 Qxa7 21. Qxe5 Bg4 $17 {Inkiov,V-Serafimov,
T/Paris 2002/ 1/2-1/2 (133)}) 11... Bb7 (11... Qc7 12. Rd1 Nxe5 (12... Rb6 13.
a4 b4 14. Nb5 Qb8 15. Nd6+ Bxd6 16. exd6 O-O 17. a5 Ra6 18. Qxc4 Rxd6 19. Bf4
e5 20. Bg5 $44 {1-0 Prakken,G-Ippolito,D/Ubeda 2000/ (29)}) 13. a4 bxa4 {
1/2-1/2 Ehlvest,J (2614)-Bittencourt,J (2471)/Sao Paulo 2009}) (11... Be7 $5
12. a4 b4 13. Nb5 Bb7 14. Rd1 O-O 15. Nxa7 Bxg2 16. Kxg2 Qc7 17. Nb5 Qc6+ 18.
f3 Nb6 19. Nd6 c3 20. bxc3 Nd5 21. Qe4 Bxd6 22. exd6 bxc3 $15 {0-1 Raetsky,A 
(2461)-Groszpeter,A (2486)/Geneve 2003 (32)}) 12. Bxb7 (12. Ne4 Nb6 $5 (12...
Qc7 13. a4 $1 $36 (13. Nd6+ Bxd6 14. exd6 Qb6 $13) 13... a6 (13... Nxe5 14.
axb5 $36) 14. axb5 axb5 15. Ng5 Nb6 $6 (15... Nxe5 16. Bxb7 (16. Ra7 Bd6 17.
Rd1 $44) 16... Rxb7 17. Ra8+ Ke7 18. Be3 $16) 16. Ra7 Nd5 17. Bxd5 exd5 18. e6
$1 $18 {1-0 Romero Holmes,A (2524)-Werle,J (2434)/Groningen 2002/ (25)}) 13.
Ng5 Qd7 14. Bxb7 Rxb7 15. Bd2 Qd4 16. Qf3 Qd5 $15) 12... Rxb7 13. Ne4 Qc7 14.
Nd6+ Bxd6 15. exd6 Qd8 16. Rd1 O-O 17. a4 a6 18. axb5 axb5 19. Bd2 Qb6 20. Bc3
b4 21. Be1 Qb5 $11 {0-1 Nyback,T (2634)-Ghaem Maghami,E (2599)/Beijing 2008 
(38)}) (10... Bb7 {Black should study this sensible alternative.} 11. Bxb7 (11.
Rd1 c5 12. Qf4 Bxg2 13. Kxg2 Qc7 14. a4 a6 15. axb5 axb5 16. Ne4 Nxe5 17. b3 c3
18. Nxc3 Be7 19. Ne4 Qb7 20. f3 f6 21. Bb2 Nf7 22. Qe3 {1/2-1/2 Markus,R (2586)
-Perunovic,M (2526)/Zlatibor 2006}) 11... Rxb7 12. Rd1 c5 (12... c6 $11) 13.
Qe4 $1 (13. Qg4 Qc8 14. Ne4 h5 15. Qg5 Qd8 16. Qf4 Be7 17. Be3 Qc8 18. Nd6+
Bxd6 19. exd6 $14 {1/2-1/2 Kozul,Z (2609)-Markus,R (2586)/Murska Sobota 2007 
(36)}) 13... Qb6 14. a4 a6 15. axb5 axb5 16. Ra5 {1-0 Savchenko,S (2508)
-Bricard,E (2469)/Montpellier 2006}) 11. Na4 (11. Ne4 Nb6 12. Qxd8+ Kxd8 13.
Be3 Bb7 14. Rac1 Be7 15. Nd2 Bd5 16. Rfd1 Kc8 17. Bxb6 axb6 18. Nxc4 Bxg2 19.
Kxg2 Rd8 20. Rxd8+ Kxd8 21. b3 $11 {1/2-1/2 Postny,E (2648)-Aleksandrov,A 
(2624)/Wroclaw 2009 (35)}) 11... c5 12. Qxc4 Nxe5 13. Qc2 {The position has
become a bit more clear at long last. White can courageously claim sufficient
compensation for the sacrificed pawn.} Qc7 14. Bf4 Bd7 (14... f6 15. Rac1 c4
16. Bxe5 fxe5 17. Qxc4 $16) 15. Rfd1 f6 (15... c4 $5 16. a3 bxa3 17. bxa3 Be7
18. Rac1 f6 19. Rd4 Rd8 20. Nb2 O-O $11) 16. Be4 (16. a3 $5 b3 17. Qe4 Bd6 18.
Rac1 O-O 19. Bxe5 fxe5 20. Qd3 Bxa4 21. Qxd6 Qxd6 22. Rxd6 Rbd8 $11) 16... g6
17. Rac1 {Krylov is choosing very natural moves, but those do not necessarily
promise success.} c4 18. Bd3 (18. Rd2 Bb5 19. Rcd1 Kf7 $17) 18... Qc6 $2 {
[%mdl 64] Landa is among the very strongest positional players, but at this
moment he is let down by his great desire to win over his relatively weaker
opponent. The queen move represents a serious loss of a critical tempo and
tactically completely fails.} (18... Rc8 $1 19. Bxe5 fxe5 20. Bxc4 Qxc4 21.
Qxc4 Rxc4 22. Rxc4 Bxa4 23. Rdc1 Kf7 24. Rc7+ Kf6 25. Rxa7 Bb5 26. Rc8 $11) 19.
Bxe5 fxe5 (19... Qxa4 $2 20. Bxg6+ $18) 20. Bxc4 Bh6 (20... Qxa4 21. Bxe6 $1
Bb5 22. Qc7 $18) 21. e3 {A good, but relatively meek move. Black would have
had a much tougher life after the immediate move of the knight to the
c5-square.} (21. Nc5 $1 Bc8 (21... Bxc1 22. Nxd7 Rd8 23. Nxe5 Rxd1+ 24. Qxd1
Qc7 25. Bb5+ Kf8 26. Qd4 Kg8 27. Bc4 $18) (21... Qxc5 22. Bxe6 Qxc2 23. Bxd7+
Ke7 24. Rxc2 $16) 22. e3 Qxc5 23. Qa4+ Ke7 24. Ba6 $18) 21... O-O (21... Rd8
22. Bb3 Qxc2 23. Rxc2 $16) 22. Nc5 $1 Bc8 23. Bb3 Kh8 {The players are trying
at each moment to look for the best move in the given position. If is a sad
fact for the defender, that the practically most feasible solution is a modest
retreat of the king.} (23... Qe8 24. Rd6 Rb6 25. Ne4 $16) 24. Nxe6 Qxc2 25.
Rxc2 Re8 (25... Bxe6 26. Bxe6 Rfd8 27. Bd5 $16) 26. Nd8 $1 {Unusual moves of
the knight are always an esthetic joy. Krylov has fallen in love with the
impressive attacking combination.} Bg4 27. Nf7+ Kg7 28. Rc7 Bxd1 (28... Rec8
29. Rdc1 Rxc7 30. Rxc7 Rc8 31. Rxa7 Rc1+ 32. Kg2 Bd1 33. Ng5+ $18) 29. Ng5+ Kf6
(29... Kf8 30. Nxh7#) 30. Nxh7+ Kf5 31. Rf7+ Ke4 32. Nf6+ Kd3 33. Rd7+ {
A king's pilgrimage into the depths of the enemy position is only rarely a
pleasant experience.} (33. Rd7+ Ke2 34. Bxd1+ Ke1 35. Nxe8 Rxe8 36. Bf3 $18)
1-0

[Event "Rubinstein Memorial"]
[Site "Polanica Zdroj"]
[Date "1993.??.??"]
[Round "8"]
[White "Romanishin, Oleg M"]
[Black "Sosonko, Gennadi"]
[Result "0-1"]
[WhiteElo "2615"]
[BlackElo "2525"]
[Annotator "Ftacnik,L"]
[PlyCount "80"]
[EventDate "1993.08.??"]
[EventType "tourn"]
[EventRounds "11"]
[EventCountry "POL"]
[EventCategory "13"]
[SourceTitle "CBM 037"]
[Source "ChessBase"]
[SourceDate "1993.12.01"]
[SourceVersion "1"]
[SourceVersionDate "1993.12.01"]
[SourceQuality "1"]

1. d4 Nf6 2. Nf3 d5 3. c4 e6 4. g3 dxc4 5. Bg2 Nc6 6. Qa4 Bb4+ 7. Bd2 Nd5 8.
Bxb4 Ndxb4 9. O-O (9. a3 b5 $1 10. Qxb5 Nc2+ 11. Kf1 Bd7 12. Ra2 N2xd4 13. Nxd4
Nxd4 14. Qc5 Nb3 15. Qxc4 Rb8 $15 {Bogdanovsky-Dorfman,I/Cannes/1990/}) 9...
Rb8 10. Nc3 a6 11. Rac1 $6 (11. Ne5 $1 $13) 11... O-O 12. Qa3 b6 $1 (12... b5
13. Ne4 {/\ Nc5}) 13. Rfd1 (13. Ne4 a5 14. Rxc4 $140 Ba6) 13... Qe7 $1 14. Nb1
b5 15. b3 cxb3 16. axb3 Rd8 17. Nc3 h6 $1 18. Ne4 (18. e4 e5 19. dxe5 (19. d5
Nxd5 $1) (19. Nxe5 Nxd4) 19... Bg4) 18... e5 $1 19. dxe5 (19. Nxe5 Nxd4) 19...
Bf5 (19... Bg4 $5) 20. Nc3 Bg4 21. Na2 Nxa2 22. Qxa2 Bxf3 23. Rxd8+ Rxd8 24.
Bxf3 Nd4 $1 25. Qxa6 Nxb3 26. Rc3 Nd4 27. Qa7 Rd7 $1 (27... Nxf3+ 28. exf3 Qxe5
29. Qxc7 Qxc7 30. Rxc7 Rb8 $15) 28. Bg4 c6 $3 29. Qc5 (29. Qxd7 Qxd7 30. Bxd7
Nxe2+ 31. Kf1 Nxc3 32. Bxc6 b4 $19) 29... Qxc5 30. Rxc5 Rc7 31. e3 Nb3 32. Rc3
Nd2 $2 (32... Na5 $1) 33. Rd3 Nc4 34. e6 $6 (34. Rd8+ Kh7 35. e6 $1 $132) 34...
Kf8 35. exf7 Kxf7 36. f4 b4 37. Bd1 Na5 38. Rd4 Rb7 39. Ba4 b3 40. Rd1 Rb4 0-1

[Event "WchT 3rd"]
[Site "Luzern"]
[Date "1993.??.??"]
[Round "1.3"]
[White "Kaidanov, Gregory S"]
[Black "Rodriguez Cespedes, Amador"]
[Result "1/2-1/2"]
[WhiteElo "2640"]
[BlackElo "2490"]
[Annotator "Ftacnik,L"]
[PlyCount "118"]
[EventDate "1993.10.24"]
[EventType "team-tourn"]
[EventRounds "9"]
[EventCountry "SUI"]
[SourceTitle "CBM 038"]
[Source "ChessBase"]
[SourceDate "1994.02.01"]
[SourceVersion "1"]
[SourceVersionDate "1994.02.01"]
[SourceQuality "1"]
[WhiteTeam "US of America"]
[BlackTeam "Cuba"]
[WhiteTeamCountry "USA"]
[BlackTeamCountry "CUB"]

1. d4 Nf6 2. c4 e6 3. g3 d5 4. Bg2 dxc4 5. Nf3 a6 6. O-O b5 7. Ne5 Nd5 8. a4 c6
(8... Bb7) 9. e4 Nf6 10. d5 Qc7 $5 {Neistadt} (10... cxd5 11. exd5 exd5 12.
axb5 Be7 13. Nc3 Bb7 14. bxa6 O-O 15. a7 Na6 16. Nxc4 $16 {Zaichik-Ivanov,I/
Beltsy/1979/}) 11. Nxc6 Nxc6 12. dxc6 Qxc6 13. axb5 axb5 14. e5 (14. Rxa8 Qxa8
15. Nc3 Qb8 $13) 14... Nd5 15. Bxd5 exd5 16. Rxa8 Qxa8 17. Nc3 Qc6 (17... Be6
18. Nxb5 Qb7 19. Nd4 {/\ f4,f5->}) 18. Qxd5 Qxd5 (18... Bd7 19. Rd1 Be7 20. Be3
$36) 19. Nxd5 Bc5 20. Nc7+ Kd7 21. Nxb5 Kc6 22. Nc3 Re8 23. Bf4 Bd4 24. Ra1 (
24. Re1 f6) 24... Bxe5 25. Ra4 Bxc3 26. Rxc4+ Kd5 27. Rxc3 Bh3 28. Be3 (28. f3
$2 Re2 29. b4 Rg2+ 30. Kh1 Rb2 $15) 28... Rc8 29. Rd3+ (29. Rxc8 Bxc8 $10)
29... Ke6 30. b4 Rc2 31. Bd2 Rb2 32. f3 h5 33. Kf2 g5 34. Ke3 (34. g4 hxg4 35.
Kg3 f5 36. fxg4 Bxg4 37. Bxg5 Rxb4 $10) 34... Bf5 35. Ra3 g4 36. fxg4 (36. f4
Bg6 37. Ra6+ Kd7 $14) 36... hxg4 37. Ra6+ Kd7 38. Ra7+ Ke6 39. Ra6+ Kd7 40.
Ra7+ Ke6 41. Rc7 Rb3+ 42. Bc3 Kd6 43. Rc5 Be6 44. Kd4 Rb1 45. Bd2 Rb2 46. Bf4+
Ke7 47. b5 Bd7 48. Re5+ Kd8 49. Kc4 f6 50. Rh5 f5 51. Rh8+ Ke7 52. Rh7+ Ke8 53.
Rh8+ Ke7 54. Rb8 Rxh2 55. b6 Rb2 56. Be5 (56. b7 Bc6 57. Rf8 Kxf8 58. b8=Q+
Rxb8 59. Bxb8 $10) 56... Rb1 57. Bc3 Kd6 58. Bb4+ Kc6 59. Bc3 $6 Rxb6 1/2-1/2

[Event "Interzonal-16"]
[Site "Biel"]
[Date "1993.??.??"]
[Round "6"]
[White "Gurevich, Dmitry"]
[Black "Adams, Michael"]
[Result "0-1"]
[WhiteElo "2575"]
[BlackElo "2630"]
[Annotator "Ftacnik,L"]
[PlyCount "54"]
[EventDate "1993.07.16"]
[EventType "swiss"]
[EventRounds "13"]
[EventCountry "SUI"]
[SourceTitle "CBM 037"]
[Source "ChessBase"]
[SourceDate "1993.12.01"]
[SourceVersion "1"]
[SourceVersionDate "1993.12.01"]
[SourceQuality "1"]

1. d4 {Kortschnoj} Nf6 2. c4 e6 3. g3 d5 4. Bg2 dxc4 5. Nf3 Nc6 6. O-O (6. Qa4
{Kortschnoj}) 6... Rb8 7. Bg5 Be7 8. e3 O-O 9. Nfd2 $2 (9. Qe2 b5 10. a4 (10.
Rd1 $146 {Kortschnoj}) 10... a6 11. axb5 axb5 12. b3 cxb3 13. Nfd2 Bb7 14. Nxb3
e5 15. Rc1 Nd5 16. Bxe7 Ndxe7 17. Nc5 Bc8 18. dxe5 Nxe5 19. Rd1 Qe8 20. h3 c6
21. Nc3 b4 22. N3a4 Nd5 23. e4 Nb6 24. Nxb6 $10 {Gurevich,D-Ivanov,IV/USA-ch 
(02)/1992/}) 9... e5 $1 10. Bxf6 (10. Nxc4 exd4 11. Bxc6 bxc6 12. Qxd4 (12.
exd4 Qd5 13. Bxf6 Bxf6 14. Ne3 Qxd4 $17) 12... Qd5 $1 13. Qxd5 (13. Bf4 Bh3 14.
Qxd5 cxd5 $19)) (10. Bxc6 bxc6 11. dxe5 Ng4 12. Bxe7 Qxe7 13. Nxc4 Nxe5 14.
Nbd2 Bh3 $15) (10. dxe5 Nxe5 11. Qc2 b5 $17) 10... Bxf6 11. d5 e4 $1 12. Nxc4 (
12. dxc6 Bxb2 13. Nxc4 Bxa1 14. Nbd2 Bf6 15. Nxe4 bxc6 $19) (12. Nc3 Bxc3 13.
bxc3 Qxd5 14. Nxe4 Qe6 $17) (12. Qc1 Qxd5 13. Nxe4 Qe6 14. Nxf6+ Qxf6 15. Nd2
b5 16. b3 Ne5 $17) 12... b5 $1 13. Nc3 (13. Ncd2 Bxb2 14. dxc6 Bxa1 $19) 13...
bxc4 14. dxc6 Rxb2 15. Qc1 (15. Nxe4 Ba6 $1 (15... Bf5 16. Qxd8 Bxd8 17. Rfc1
Be6 18. Nc5 $13) 16. Qxd8 Rxd8 17. Nxf6+ gxf6 18. Rfd1 Rxd1+ 19. Rxd1 c3 20.
Be4 Rxa2 21. Rc1 Ra3 $17) 15... Rb8 16. Bxe4 Qe7 17. Bg2 Qe5 18. Rb1 (18. Nd5
$5 {Kortschnoj}) 18... Rxb1 19. Nxb1 Be6 20. Nd2 c3 21. Ne4 (21. Nf3 Qc5 $19)
21... Bf5 22. f4 (22. Nxf6+ gxf6 $1 23. e4 Be6 24. Qe3 Rb8 25. Qxa7 Rb2 26. Rc1
c2 $19) 22... Qa5 23. Rd1 (23. Nxf6+ gxf6 24. e4 Qc5+ 25. Kh1 Be6 $19 (25...
Bg4 {Kortschnoj} 26. h3 Be2 27. Re1 Bd3 $17)) 23... Rb8 24. h4 Qa4 25. Nc5 (25.
Nxf6+ gxf6 26. e4 (26. Rd4 Qxd4 $1 27. exd4 Rb1 $19) 26... c2 27. Re1 Rb1 $19)
25... Qxd1+ $1 26. Qxd1 c2 27. Qd2 Rb1+ 0-1

[Event "Balatonbereny GM"]
[Site "Balatonbereny"]
[Date "1995.??.??"]
[Round "10"]
[White "Kallai, Gabor"]
[Black "Anka, Emil"]
[Result "1-0"]
[WhiteElo "2490"]
[BlackElo "2410"]
[Annotator "Ftacnik,L"]
[PlyCount "69"]
[EventDate "1995.08.??"]
[EventType "tourn"]
[EventRounds "11"]
[EventCountry "HUN"]
[EventCategory "11"]
[SourceTitle "CBM 050"]
[Source "ChessBase"]
[SourceDate "1996.02.01"]
[SourceVersion "1"]
[SourceVersionDate "1996.02.01"]
[SourceQuality "1"]

1. Nf3 Nf6 2. c4 e6 3. g3 d5 4. d4 dxc4 5. Bg2 Bd7 6. Ne5 Bc6 7. Nxc6 Nxc6 8.
O-O Be7 9. e3 e5 10. Bxc6+ (10. dxe5 Qxd1 11. Rxd1 Nxe5 12. Bxb7 Rb8 13. Bg2
O-O 14. Nd2 Rfd8 15. Rf1 Bb4 16. Ne4 Nd3 17. Nc3 Bxc3 18. bxc3 Nd5 19. Bxd5
Rxd5 20. e4 Ra5 {Gyorkos,L-Farago,I/Zalakaros op (03)/1994/0-1 (31)}) 10...
bxc6 11. dxe5 Qxd1 12. Rxd1 Ng4 $6 {Active, but wrong since black will not be
able to break the powerfull pawn phalanx.} (12... Nd7 13. f4 O-O-O 14. Bd2 f6
15. e6 Nb6 16. Nc3 f5 17. e4 Bc5+ 18. Kg2 g6 19. a4 a5 20. g4 fxg4 21. Be1 Rde8
22. Kg3 h5 23. e5 Rxe6 24. Ne4 Be3 25. Bxa5 Rf8 26. Rf1 Nd5 27. Bd2 Bxd2 28.
Nxd2 c3 29. bxc3 Nxc3 {Tratar,M-Wells,P/Bled op (08)/1995/0.5 (43)}) 13. f4 Bc5
14. Re1 Rd8 15. h3 Nh6 (15... Nxe3 $2 16. Bxe3 Bxe3+ 17. Rxe3 Rd1+ 18. Kf2 Ke7
19. Re1 $18) 16. Nd2 c3 (16... Bb4 17. Re2 c3 18. Ne4 cxb2 19. Bxb2 $14) 17.
bxc3 Rd3 18. Ne4 Bb6 19. Kf2 O-O 20. g4 (20. Rb1 f5 21. exf6 gxf6 22. Ke2 $16)
20... f5 21. gxf5 (21. exf6 gxf6 22. Ke2 $16) 21... Nxf5 22. Ke2 Rfd8 (22...
Rdd8 23. Rb1 $16) 23. Nd6 $1 {Neat tactical trick disturbs black's
coordination and spells the end of the game.} Rxe3+ (23... cxd6 24. Kxd3 dxe5+
25. Kc2 exf4 26. exf4 $16) 24. Bxe3 Nxe3 25. Ne4 Nc2 (25... Rf8 26. Kf3 Nc2 27.
Rad1 Nxe1+ 28. Rxe1 $16) 26. Rad1 Rf8 27. Rh1 (27. Rf1 Ne3) (27. Kf3 Nxe1+ 28.
Rxe1) 27... Rxf4 28. Rd8+ Kf7 29. Rf1 $1 Rxf1 30. Kxf1 Ne3+ 31. Ke2 Nc4 32.
Ng5+ Kg6 $2 (32... Ke7 33. Rg8 Nxe5 34. Nxh7 $16) 33. e6 $1 Bc5 34. Ne4 Be7 35.
Rd7 (35. Rd7 Nd6 36. Kd3 Nxe4 37. Kxe4 Kf6 38. Rxc7 Kxe6 39. a4 $18) 1-0

[Event "Bonn GSK"]
[Site "Bonn"]
[Date "1994.??.??"]
[Round "9"]
[White "Romanishin, Oleg M"]
[Black "Dokhoian, Yury"]
[Result "1-0"]
[WhiteElo "2590"]
[BlackElo "2570"]
[Annotator "Ftacnik,L"]
[PlyCount "111"]
[EventDate "1994.??.??"]
[EventType "tourn"]
[EventRounds "9"]
[EventCountry "GER"]
[EventCategory "12"]
[SourceTitle "CBM 040"]
[Source "ChessBase"]
[SourceDate "1994.06.01"]
[SourceVersion "1"]
[SourceVersionDate "1994.06.01"]
[SourceQuality "1"]

1. d4 {von Gleich} d5 2. c4 e6 3. Nf3 Nf6 4. g3 dxc4 5. Bg2 Nc6 6. Qa4 Bb4+ 7.
Bd2 Nd5 8. Qb5 Bxd2+ 9. Nbxd2 c3 (9... Nb6 10. Nxc4 Qd5 11. Qxd5 exd5 12. Ncd2
$14) 10. bxc3 Nxc3 11. Qd3 Nd5 12. O-O O-O 13. Rac1 Qe7 14. e4 Nb6 (14... Nf6
15. Qc3 Rd8 16. Rfe1 $44) 15. Rfd1 Rd8 (15... e5 16. d5 Nb4 17. Qb3 Bg4 18. h3
(18. d6 $6 Qxd6 19. Nc4 Qe7 20. Ncxe5 Be6 $17) 18... Bxf3 19. Nxf3 Na6 20. Qc3
Rfe8 21. Bf1 Na4 22. Qe3 N6c5 23. Bb5 Rec8 24. Qa3 $16) 16. Nb3 Bd7 (16... Nxd4
$2 {von Gleich} 17. Nbxd4 e5 18. Nc6 $18) 17. Nc5 Rab8 18. Qb3 (18. Qc3 $5)
18... Be8 19. d5 exd5 20. exd5 Ne5 (20... Na5 $2 21. Qb4 Nxd5 22. Qxa5 b6 23.
Qe1 $1 (23. Qxa7 {von Gleich} Ra8 24. Qb7 Rab8 25. Rxd5 $1 Rxb7 26. Rxd8 bxc5 (
26... Qxd8 $1 27. Nxb7 Qb8 28. Nd4 (28. Re1 Kf8) (28. Ne5 c6 29. Rd1 Qxb7 30.
Rd8 Qe7 31. Ra8 Qxe5 32. Bxc6 Kf8) 28... c6 29. Re1 Kf8) 27. Ra8 Rb6 28. a4 Rd6
29. a5 Rd8 30. Re1) 23... bxc5 24. Rxd5 $1 Qxe1+ 25. Nxe1 $18) 21. Nd4 c6 (
21... a5 22. f4 $36) 22. Re1 $1 Qf6 (22... Nxd5 23. f4 Nxf4 24. gxf4 Rxd4 25.
Rxe5 $16) (22... cxd5 23. f4 Nbc4 24. Nd3 Nxd3 25. Rxe7 Nxc1 26. Qb1 $18) 23.
Ne4 Qg6 24. d6 Ned7 (24... Nd5 25. Nc5 $5 Qxd6 26. Nxb7 Qc7 27. Nxd8 Rxb3 28.
axb3 Qxd8 29. Rxe5 $14) (24... Bd7 $1 {von Gleich} 25. Qa3 Nd5) 25. Qa3 (25.
Bh3 $1 Nf6 26. Nf5 Nbd5 27. Ne7+ Nxe7 28. dxe7 Rd4 29. Nc5 $36) 25... Nf6 (
25... a6 26. Qf3 Nc8 27. Qf4 $36) 26. Qxa7 Nxe4 27. Bxe4 (27. Rxe4 Nd7 $1 $13 (
27... Nd5 $2 28. Rxe8+ $1 Rxe8 29. d7 Red8 30. Bxd5 cxd5 (30... Qg5 31. Re1
Qxd5 32. Qxb8 $1 Rxb8 33. Re8+) 31. Qxb8 $1)) 27... Qxd6 28. Nf5 Qc7 29. Ne7+
$1 Kf8 (29... Qxe7 30. Bxh7+ $18) 30. Nxc6 Ra8 (30... Bxc6 31. Rxc6 Nc8 32.
Rxc7 Nxa7 33. Bxh7 $16) 31. Nxd8 Qxc1 32. Rxc1 Rxa7 33. Rc2 Ra4 $2 (33... Bd7
$1 34. Nxb7 Be6 35. Nc5 Bxa2 $10) 34. Bxb7 Ke7 35. Bc6 $1 Kxd8 36. Rd2+ Ke7 (
36... Bd7 37. Rxd7+ Nxd7 38. Bxa4 $18) 37. Re2+ Kd6 38. Bxe8 Ra7 39. Bb5 $6 (
39. a4 $1 Nd5 40. Rc2 $16) 39... Kc5 40. Bd3 h6 $6 (40... Nd5 41. Rc2+ Kd4 42.
Bxh7 (42. Bb5 {von Gleich} Nc3 43. a4) 42... Nb4 43. Rd2+ Kc3 44. Re2 Nxa2 $14)
41. Rc2+ $1 Kd4 42. Bb5 Ra5 43. Be8 Ra7 44. a4 $1 Nc4 (44... Nxa4 $2 45. Ra2
$18) 45. Kg2 Re7 (45... Nd6 46. Bc6 $16) 46. Bb5 Nd6 47. Be2 $1 Ne4 (47... Ra7
48. Rc6 Kd5 49. Ra6 Rxa6 50. Bxa6 Kc5 51. Kf3 (51. Be2 $6 Kb4 52. Bd1 Nc4 53.
Kf3 Nb2 54. Bc2 Kc3) 51... Kb4 52. Kf4 Kxa4 53. Ke5 $18) 48. a5 Nc3 49. Bf1 Re1
50. Rd2+ Ke5 (50... Kc5 51. Rd7 $18) 51. Rd7 Ra1 (51... Ke6 {von Gleich} 52.
Rc7) 52. a6 f5 53. Rxg7 Ne4 54. a7 Nd6 (54... Ra2 55. Bc4 $18) 55. Rc7 h5 56.
Be2 1-0